Prepare for the high jump (Record no. 70373)

MARC details
000 -LEADER
fixed length control field 00926cam a2200217 4500
001 - CONTROL NUMBER
control field ABS65529
008 - FIXED-LENGTH DATA ELEMENTS--GENERAL INFORMATION
fixed length control field 020528n2002 000 0 eng u
035 ## - SYSTEM CONTROL NUMBER
System control number (Sirsi) u118177
100 ## - MAIN ENTRY--PERSONAL NAME
Personal name Hemsley, A
245 ## - TITLE STATEMENT
Title Prepare for the high jump
260 ## - PUBLICATION, DISTRIBUTION, ETC.
Date of publication, distribution, etc. 2002
490 ## - SERIES STATEMENT
Series statement Building
Volume/sequential designation 167(8233) 10 May 2002, 52(1)
520 ## - SUMMARY, ETC.
Summary, etc. Discusses the options facing those with large increases in their professional indemnity insurance premium other than increasing the excess paid or reducing cover. Suggests that risk management would help prove to insurers that you are a good risk by indentifying and managing risks. The other suggestion is to find what is likely to happen to your premium and to allow for it in your budget.
590 ## - LOCAL NOTE (RLIN)
Local note ABS
650 ## - SUBJECT ADDED ENTRY--TOPICAL TERM
Topical term or geographic name entry element PROFESSIONAL INDEMNITY INSURANCE
650 ## - SUBJECT ADDED ENTRY--TOPICAL TERM
Topical term or geographic name entry element INSURANCE PREMIUMS
650 ## - SUBJECT ADDED ENTRY--TOPICAL TERM
Topical term or geographic name entry element RISK MANAGEMENT
650 ## - SUBJECT ADDED ENTRY--TOPICAL TERM
Topical term or geographic name entry element BUDGETING
690 ## - LOCAL SUBJECT ADDED ENTRY--TOPICAL TERM (OCLC, RLIN)
Topical term or geographic name as entry element Insurance
9 (RLIN) 6249
942 ## - ADDED ENTRY ELEMENTS (KOHA)
Suppress in OPAC 0
Holdings
Withdrawn status Lost status Source of classification or shelving scheme Damaged status Not for loan Home library Current library Shelving location Date acquired Total Checkouts Full call number Barcode Date last seen Copy number Price effective from Koha item type
    Dewey Decimal Classification     London London Journal article 28/05/2002   ABS65529 118177-1001 06/08/2019 1 06/08/2019 Journal article